| 000 | 00486nam a2200217Ia 4500 | ||
|---|---|---|---|
| 003 | IT-RoPAU | ||
| 008 | 120407s9999 xx 000 0 und d | ||
| 040 | _aIT-RoPAU | ||
| 040 | _cIT-RoPAU | ||
| 041 | _aita | ||
| 100 | _aN. M. Di Franca | ||
| 245 | _aDiario intimo di una giovane donna prossima alla maternità | ||
| 250 | _aMilano | ||
| 260 | _aEdizioni Paoline | ||
| 260 | _c1957 | ||
| 300 | _c cm | ||
| 490 | _a Famiglia | ||
| 490 | _v1 | ||
| 942 | _cBK | ||
| 999 |
_c14034 _d14034 |
||